| 000 | 00567nam a22002057a 4500 | ||
|---|---|---|---|
| 003 | OSt | ||
| 005 | 20140311163000.0 | ||
| 008 | 130305t xxu||||| |||| 00| 0 eng d | ||
| 020 | _a9710868624 | ||
| 050 |
_aGE 105 _b.C357 2008 |
||
| 082 |
_aFIL 363.7 _bc357 2008 |
||
| 245 |
_aFundamentals of environmental science _cCatchillar,Gerry C. |
||
| 260 |
_aMandaluyong City _bNational Book Store _c2008 |
||
| 300 |
_a122 p. _bill.(some col.) _c23 cm. |
||
| 521 | _aCollege | ||
| 526 | _c1210L-1700L | ||
| 541 | _j1 | ||
| 562 | _e1 | ||
| 942 |
_2lcc _cBK _kFIL |
||
| 999 |
_c39186 _d39186 |
||